000 00601nam a2200229Ia 4500
003 OSt
005 20221006164629.0
006 a|||||r|||| 00| 0
007 ta
008 221006b |||||||| |||| 00| 0 eng d
024 _a1,490
037 _cTextual
040 _aFML
_cFML
_beng
041 _2eng
_aeng
082 _aO31:g(S:53), 111K2
100 _aManickam V S Au.
_9677942
245 0 _aTamil Concept of Love
260 _aIndia
_bKazhagam
_c1962
300 _a340
_ccm.
942 _hO31:g(S:53), 111K2
_cTEXL
_2CC
999 _c1117905
_d1117905